Tourism and the less developed countries
Saved in:
| Other Authors: | |
|---|---|
| Format: | Book |
| Language: | English |
| Published: |
Chichester :
John Wiley and Sons,
1995
|
| Subjects: | |
| Tags: |
Add Tag
No Tags, Be the first to tag this record!
|
MARC
| LEADER | 00000nam a2200000 i 4500 | ||
|---|---|---|---|
| 001 | 1/6639 | ||
| 008 | 960711s1995 eng d | ||
| 020 | |a 0-471-95120-X | ||
| 035 | |l 10016424 | ||
| 040 | |a GR-MY-UA |b gre |e aacr | ||
| 041 | 0 | |a eng | |
| 082 | 0 | |a 338.4791 | |
| 245 | 1 | 0 | |a Tourism and the less developed countries / |c Edited by David Harrison |
| 260 | |a Chichester : |b John Wiley and Sons, |c 1995 | ||
| 300 | |a 186 p. |b tables | ||
| 504 | |a Includes bibliographical references and index | ||
| 650 | 0 | 0 | |a Tourism |z Developing countries. |
| 700 | 1 | |a Harrison, David. |4 edt | |
| 852 | |a INST |b LESVOS |e 19960711 |h 338.4791 TOU |p 005100009739 |q 005100009739 |t BK |y 0 | ||
| 909 | |a Λ |b 043965 | ||
| 922 | |a 1ΔΩΡ |b 199602 |c ΤΚΑ | ||